1750 1352 1719 1691 1490 1555 1657 1087 1909 1681 1863 1692 1930 1051 1276 1138 1845 1019 1621 1770 1678 1670 1440 1360 1788 1096 1139 1557 1153 1844 1747 1456 1474 1155 1185 1206 1250 1197 1633 1037 1598 1071 1923 1807 1236 1506 1633 1576 1437 1202 1656 1486 1285 1595 1239 1339 1768 1574 1038 1767 1031 1259 1234 1772 1566 1294 1382 1127 1462 1586 1356 1539 1335 1814 1494 1649 1853 1189 1744 1758 1936 1531 1832 1986 1382 1997 1496 1862 1650 1205 1256 1669 1763 1196 1821 1816 1006 1073 1005 BCNSPRNW ULIB Ver.6.0+V

เปลี่ยนเป็นภาษาไทย

Change to English
 แสดงรายละเอียดบรรณานุกรม
  กลับหน้าหลัก

Brief Record : Get Marc (ISO 2709) : E-mail record : QR code < ปิดหน้าต่าง
LEADER : 00000nam 2200000uu 4500
001    13399126740
003     ULIB
008    190226s2019||||th 000 0 eng d
020    ^a9780702070129 ^qpaperback
020    ^a0702070122 ^qpaperback
060 10 ^aWB330^bC641
130 0  ^aClinical pharmacy and therapeutics (Walker)
245 10 ^aClinical pharmacy and therapeutics / ^cedited by Cate Whittlesea and Karen Hodson.
250    ^aSixth edition.
250    ^aInternational edition.
260     ^aOxford : ^b Elsevier, ^c 2019.
300    ^axiv, 1094 pages : ^bcolor illustrations ; ^c28 cm
504    ^aIncludes bibliographical references and index.
650 12 ^aDrug Therapy
650 12 ^aPharmaceutical Preparations
650 22 ^aPharmacological Phenomena
700 1  ^aWhittlesea, Cate,^eeditor.
700 1  ^aHodson, Karen,^eeditor.
945    ^p1989^l0^i005405
999    ^aประนอม เกษจรัล
รายการนี้ยังไม่มีแท็ก
คุณยังไม่ได้ล็อกอิน คุณสามารถมีกิจกรรมร่วมกับเว็บไซต์ได้ แต่ต้องล็อกอินก่อน ::
  ล็อกอิน

รายการสื่อสารสนเทศ

ลำดับที่ ประเภท เลขเรียก/บาร์โค้ด สถานที่ สถานะ
1. วิทยาศาสตร์การแพทย์ และสุขภาพ
หนังสือสำรอง
สถานะ=หนังสือสำรอง
WB330 C641 ฉ.1 
  Barcode: 005405
ห้องสมุดวิทยาเขตสวรรค์ประชารักษ์
►หนังสือทั่วไป
บนชั้น

รายการใกล้เคียง
    หัวเรื่อง [Drug Therapy]
    หัวเรื่อง [Pharmaceutical Preparations]
    หัวเรื่อง [Pharmacological Phenomena]

BibComment


ยังไม่เคยถูกคอมเมนท์

คอมเมนท์ทรัพยากรรายการนี้
  คอมเมนท์: Clinical pharmac..


 Copyright 2026. Bcnsprnw @Library